| 000 | 00520nam a22001577a 4500 | ||
|---|---|---|---|
| 999 |
_c533745 _d533745 |
||
| 020 | _qHard Cover. | ||
| 082 | _a624.1 | ||
| 100 | _aBashir, Asim | ||
| 245 |
_aImpact response analysis of retaining wall under falling weight impact load / _cAsim Bashir. |
||
| 260 |
_aIslamabad: _bSCEE - NUST, _c2013. |
||
| 300 |
_a102 p. : _bill. ; _c30cm. |
||
| 942 |
_2ddc _cTHE |
||
| 650 |
_astructural Engineering MS-Thesis. _917039 |
||
| 700 |
_aDr. Abdul Qadir Bhatti _927317 |
||